| 000 | 00564nam a2200193 i 4500 | ||
|---|---|---|---|
| 001 | 141383 | ||
| 003 | ES-MaACL | ||
| 007 | t| | ||
| 008 | 070921s1981 sp ||||1| spa d | ||
| 100 | 1 |
_aVizcaíno Casas, Fernando. _9115612 |
|
| 245 | 1 | 4 |
_aLas autonosuyas _b: novela de historia-ficción / _cFernando Vizcaíno Casas. |
| 250 | _a[4ª ed.]. | ||
| 260 |
_aBarcelona : _bPlaneta, _c[1981] |
||
| 300 |
_a214 p. ; _c18 cm. |
||
| 490 | 1 |
_aFábula ; _v78 |
|
| 830 | 0 |
_aFábula ; _v78 _9179737 |
|
| 852 |
_aES-MaACL _jL-6496 _bR.107271 |
||
| 999 |
_c141383 _d141383 |
||